Chanteurs/euses français/es (part. 2) - Statistiques

Statistiques générales
  • Ce quiz a été pris 735 fois
  • Le résultat moyen est 17 sur 32
Statistiques - réponses
Hint Réponse % Correct
- Padam padam- Mon manège à moi - Hymne à l’amour - La vie en rose Édith Piaf
90%
- Il est où le bonheur- On s’attache - Ça fait mal - Pays des merveilles Christophe Maé
86%
- Tous les cris les SOS- L'Aziza - Le Chanteur - Sauver l’amour Daniel Balavoine
86%
- Ma gonzesse- Amoureux de Paname - Mistral gagnant - Boucan d’enfer Renaud
85%
- En apesanteur- Juste une chanson - Le hall de départ - Les feux d’artifice Calogero
78%
- Joe le taxi- La Seine - Mi amor - Tu me manques Vanessa Paradis
78%
- L'Aventurier- 3e sexe - Karma girls - Un été français Indochine
77%
- On écrit sur les murs- L'hymne de la vie - L'oiseau et l’enfant - Les lacs du Connemara Kids United
76%
- Viens on s’aime- Paname - Nous deux - Avant toi Slimane
75%
- Casser la voix- Qui a le droit - Terra Corsa - Mon amant de Saint-Jean Patrick Bruel
73%
- Un homme debout- Riche - Que Dieu me pardonne - Si j’avais su Claudio Capéo
67%
- Mafiosa- Catchu catchu - Vai et viens - Chocolat Lartiste
66%
- Moi… Lolita- J’en ai marre ! - Lui ou toi - Mademoiselle Juliette Alizée
63%
- J’ai dix ans- Foule sentimentale - Presque - Rive gauche Alain Souchon
61%
- À nos actes manqués - Tombé - Si t’es pas là - Les planètes M. Pokora
60%
- Ma vie au soleil- Rien qu'une fois - J’aimerais trop - À l’horizontale Keen'V
59%
- Aurélie- Caliente - Love Story - Celui Colonel Reyel
56%
- Pandi Panda- Bouba le petit ourson - Bécassine - Loup loup Chantal Goya
54%
- Et alors- Si tu m’aimes encore - On s’en va - Ensemble Shy'm
50%
- Les cactus- L'opportuniste - Et moi, et moi, et moi - Il est 5 heures Jacques Dutronc
47%
- Je suis le même - Gitan - Belle - La rivière de notre enfance Garou
41%
- On Fleek- Kitoko - Toi - Chelou Eva / Evaqueen
39%
- Amoureuse- Serais-tu là ? - Une nuit sur son épaule - Besoin de personne Véronique Sanson
38%
- Le temps- Sans effet - Moi, je prouve - Salomé Tayc
36%
- Femme libérée - Jeter l’encre - Faut pas rêver - Chiquita Cookie Dingler
35%
- Te quiero- Ego - Mi gente - Trompetta Willy William
26%
- À la campagne- Je suis de celles - Quatre murs et un toit - Le papillon Bénabar
16%
- Rêve orange- La Belle et la Bête - Au fur et à mesure - Ça va, ça vient Liane Foly
16%
- Un jour en France- Tostaky - Marlène - Les Écorchés Noir Désir
15%
- Mercy- See Ya - Tournera - Partir Madame Monsieur
13%
- Rêver l’impossible- Les mots que l'on ne dit pas - Nos corps à la dérive - Comme aujourd’hui Camille Lou
6%
- Mon cabaret- Abuse de moi - Roxanne - Vivre me tue Sofia Essaïdi
6%
Aucun quiz correspondant
Distribution des résultats
% des personnes avec chaque résultat
Percentile par nombre de réponses
Votre historique - résultats
Vous n’avez pas pris ce quiz